Svetlana [hija de Stalin] / (Record no. 58665)

MARC details
000 -LEADER
campo de control de longitud fija 00616nam a2200205 i 4500
001 - NÚMERO DE CONTROL
campo de control 58665
003 - IDENTIFICADOR DE NÚMERO DE CONTROL
campo de control ES-MaACL
005 - FECHA Y HORA DE LA ÚLTIMA TRANSACCIÓN
campo de control 20260201173946.0
007 - CAMPO FIJO DE DESCRIPCIÓN FÍSICA--INFORMACIÓN GENERAL
campo de control de longitud fija t|
008 - DATOS DE LONGITUD FIJA--INFORMACIÓN GENERAL
campo de control de longitud fija 031023s1967 sp f |||| |bspa d
100 1# - ENTRADA PRINCIPAL--NOMBRE DE PERSONA
Nombre de persona Ebon, Martin.
9 (RLIN) 46477
245 10 - MENCIÓN DEL TÍTULO
Título Svetlana [hija de Stalin] /
Mención de responsabilidad, etc. por Ebon Martin ; [traducción de Ramón Hernández].
250 ## - MENCION DE EDICION
Mención de edición 1ª ed.
260 ## - PUBLICACIÓN, DISTRIBUCIÓN, ETC.
Lugar de publicación, distribución, etc. Barcelona :
Nombre del editor, distribuidor, etc. Plaza & Janés,
Fecha de publicación, distribución, etc. 1967.
300 ## - DESCRIPCIÓN FÍSICA
Extensión 256 p., 8 lám. ;
Dimensiones 20 cm.
600 17 - PUNTO DE ACCESO ADICIONAL DE MATERIA--NOMBRE DE PERSONA
Nombre de persona Allilueva, Svetlana,
Fechas asociadas al nombre 1926-2011
Fuente del encabezamiento o término
9 (RLIN) 169416
700 1# - ENTRADA AGREGADA--NOMBRE PERSONAL
Nombre de persona Hernández, Ramón.
9 (RLIN) 62858
852 ## - LOCALIZACIÓN
Ubicación ES-MaACL
Número de control de estantería C-33298
Holdings
Estatus retirado Estado de pérdida Estado de daño No para préstamo Biblioteca de origen Biblioteca actual Ubicación en estantería Fecha de adquisición Fuente de adquisición Total de préstamos Signatura topográfica completa Código de barras Visto por última vez Precio de reemplazo Tipo de ítem Koha
        Biblioteca del Ateneo de Madrid Biblioteca del Ateneo de Madrid Depósito 2 17/01/2008     C-33298 1061546 23/02/2023 23/02/2023 Libro impreso